<?xml version="1.0" encoding="UTF-8"?><?xml-stylesheet type="text/xsl" href="static/style.xsl"?><OAI-PMH xmlns="http://www.openarchives.org/OAI/2.0/" xmlns:xsi="http://www.w3.org/2001/XMLSchema-instance" xsi:schemaLocation="http://www.openarchives.org/OAI/2.0/ http://www.openarchives.org/OAI/2.0/OAI-PMH.xsd"><responseDate>2026-06-03T04:45:14Z</responseDate><request verb="GetRecord" identifier="oai:riuma.uma.es:10630/18892" metadataPrefix="marc">https://riuma.uma.es/rest/oai/request</request><GetRecord><record><header><identifier>oai:riuma.uma.es:10630/18892</identifier><datestamp>2026-02-03T10:24:38Z</datestamp><setSpec>com_10630_1685</setSpec><setSpec>col_10630_38055</setSpec></header><metadata><record xmlns="http://www.loc.gov/MARC21/slim" xmlns:dcterms="http://purl.org/dc/terms/" xmlns:doc="http://www.lyncode.com/xoai" xmlns:xsi="http://www.w3.org/2001/XMLSchema-instance" xsi:schemaLocation="http://www.loc.gov/MARC21/slim http://www.loc.gov/standards/marcxml/schema/MARC21slim.xsd">
   <leader>00925njm 22002777a 4500</leader>
   <datafield ind2=" " ind1=" " tag="042">
      <subfield code="a">dc</subfield>
   </datafield>
   <datafield ind2=" " ind1=" " tag="720">
      <subfield code="a">Bullones Subirats, Marco</subfield>
      <subfield code="e">author</subfield>
   </datafield>
   <datafield ind2=" " ind1=" " tag="260">
      <subfield code="c">2019-11-25</subfield>
   </datafield>
   <datafield ind2=" " ind1=" " tag="520">
      <subfield code="a">Galén es un sistema desarrollado en ASP.NET bajo el patrón de diseño MVC, para cubrir las necesidades asistenciales y de información de un servicio de oncología. Dispone de los componentes necesarios para realizar una adecuada explotación estadística de la información a través de una serie de algoritmos para el cálculo de curvas de supervivencia, regresiones logísticas, así como, extracción de información oculta a través de técnicas de minería de datos y modelos predictivos relativa a casi 50.000 pacientes con neoplasias de los hospitales públicos de la provincia de Málaga. Tal es la relevancia de esta aplicación en el ámbito clínico, que actualmente está siendo desarrollado en colaboración con la Junta de Andalucía para poder integrarse en su versión 2.0 con la aplicación de gestión clínica DIRAYA. El objetivo de este trabajo se centrará en el desarrollo de los módulos de enfermería y de consejo genético, integrándolos en el proyecto, así como su despliegue en producción para su uso efectivo. Para ello, se han de realizar diferentes actualizaciones de la base de datos, ya que esta ha sido sustancialmente modificada, asi como una migración de los datos existentes previamente en la base de datos de Galén en su versión inicial (1.0). Esta ha sido una tarea crítica ya que la base de datos en producción está en continuo funcionamiento por el servicios de oncología de los hospitales de la provincia de Málaga, no debiéndose cometer errores en esta, ya que pararían el servicio.</subfield>
   </datafield>
   <datafield ind1="8" ind2=" " tag="024">
      <subfield code="a">https://hdl.handle.net/10630/18892</subfield>
   </datafield>
   <datafield tag="653" ind2=" " ind1=" ">
      <subfield code="a">Minería de datos (Informática)</subfield>
   </datafield>
   <datafield tag="653" ind2=" " ind1=" ">
      <subfield code="a">Bases de datos</subfield>
   </datafield>
   <datafield tag="653" ind2=" " ind1=" ">
      <subfield code="a">Oncología - Hospitales (Málaga) - Proceso de datos</subfield>
   </datafield>
   <datafield tag="653" ind2=" " ind1=" ">
      <subfield code="a">Informática - Trabajos Fin de Grado</subfield>
   </datafield>
   <datafield tag="653" ind2=" " ind1=" ">
      <subfield code="a">Grado en Ingeniería del Software - Trabajos Fin de Grado</subfield>
   </datafield>
   <datafield ind2="0" ind1="0" tag="245">
      <subfield code="a">Diseño de módulos de gestión de enfermería y consejo genético en una unidad de oncología médica.</subfield>
   </datafield>
</record>
</metadata></record></GetRecord></OAI-PMH>